| 000 | 00458nab a2200145Ia 4500 | ||
|---|---|---|---|
| 003 | ES-SlBCS | ||
| 005 | 20210601123952.0 | ||
| 008 | 140529s1984 xxu||||| |||| 00| 0 eng d | ||
| 041 | _aeng | ||
| 100 | 1 |
_aMaloney, J. Christopher _9132695 |
|
| 245 | 0 | 0 |
_aMental Images and Cognitive theory _c J. Christopher Maloney |
| 650 | 0 | 4 |
_aImagen Mental _9132696 |
| 773 | 0 |
_tAmerican Philosophical Quarterly _gvol. 21, nº. 3, 1984, págs. 237-247 _wRev1386 |
|
| 942 | _cAR | ||
| 999 |
_c507019 _d507019 |
||